| 000 | 02189nam a2200601 i 4500 | ||
|---|---|---|---|
| 001 | 14265 | ||
| 003 | KOSZ 005 | ||
| 005 | 20240405063020.0 | ||
| 008 | 070820s1972 pl a f m 001 0 pol | ||
| 015 | _aPB 1972/2161 | ||
| 035 | _a991036036409705066 | ||
| 035 | _a(PL-WaBN)b19684897-48omnis_nlop | ||
| 035 | _ab19684897 | ||
| 035 | _a(OCoLC)69497938 | ||
| 035 | _a(PL)b0000001968489 | ||
| 035 | _a(EXLNZ-48OMNIS_NETWORK)9910129904405606 | ||
| 040 |
_aWA N _cWA N _dKOSZ 005/RW |
||
| 041 | 0 |
_apol _beng |
|
| 046 | _k1972 | ||
| 080 | _a028 | ||
| 080 | _a378.18 | ||
| 080 | _a378.662(438) | ||
| 100 | 1 |
_aGorzkowicz, Stanisław. _eAutor |
|
| 245 | 1 | 0 |
_aCzytelnictwo studentów : _bstudium nad zagadnieniem humanizacji inteligencji technicznej / _cStanisław Gorzkowicz ; Śląskie Towarzystwo Naukowe. |
| 260 |
_aWrocław : _bZakład Narodowy im. Ossolińskich, _c1972. |
||
| 300 |
_a177 stron : _berrata ; _c24 cm. |
||
| 336 |
_aTekst _btxt _2rdacontent |
||
| 337 |
_aBez urządzenia pośredniczącego _bn _2rdamedia |
||
| 338 |
_aWolumin _bnc _2rdacarrier |
||
| 380 | _aKsiążki | ||
| 380 | _aPublikacje naukowe | ||
| 388 | _a1901-2000 | ||
| 490 | 1 |
_aŚląskie Prace Bibliograficzne i Bibliotekoznawcze ; _vt. 15 |
|
| 502 | _aPraca doktorska. | ||
| 504 | _aBibliografia na stronach [167]-171. Indeks. | ||
| 546 | _aStreszczenie w języku angielskim. | ||
| 658 | _aBibliotekarstwo, archiwistyka, muzealnictwo | ||
| 650 | 7 | _aSocjologia | |
| 648 | 7 |
_a1901-2000 _2DBN |
|
| 651 | 7 | _aPolska | |
| 650 | 7 | _aSzkolnictwo wyższe | |
| 650 | 7 |
_aStudenci _2DBN |
|
| 650 | 7 | _aKultura | |
| 648 | 7 |
_a1945-1989 _2DBN |
|
| 650 | 7 |
_aCzytelnictwo _2DBN |
|
| 610 | 2 | 7 |
_aPolitechnika Wrocławska _eWydawca _2DBN |
| 651 | 7 |
_aWrocław (woj. dolnośląskie ; okolice) _2DBN |
|
| 710 | 2 |
_aZakład Narodowy im. Ossolińskich _bWydawnictwo _4pbl. |
|
| 830 | 0 |
_aŚląskie Prace Bibliograficzne i Bibliotekoznawcze ; _vt. 15 |
|
| 856 |
_uhttp://koha.tu.koszalin.pl/cgi-bin/koha/opac-detail.pl?biblionumber=14265 _yKatalog online BPK |
||
| 942 |
_2UKD _cKS |
||
| 999 |
_c14265 _d14265 |
||